L'exploitation agricole dans la législation récente
Gardado en:
| Autor Principal: | |
|---|---|
| Formato: | Libro |
| Idioma: | francés |
| Publicado: |
París, Francia
Libraire Générale de Droit et de Jurisprudence
1967
|
| Series: | Bibliothéque de Droit Privé.
81 |
| Subjects: | |
| Tags: |
Engadir etiqueta
Sen Etiquetas, Sexa o primeiro en etiquetar este rexistro!
|
MARC
| LEADER | 00000nam a2200000 a 4500 | ||
|---|---|---|---|
| 001 | UCS3026 | ||
| 003 | CL-VaPUC | ||
| 005 | 20220115074042.0 | ||
| 008 | 970613e19670000FR |||||||||||||||||fre|d | ||
| 999 | |c 260893 |d 260891 | ||
| 040 | |c Pontificia Universidad Católica de Valparaíso | ||
| 082 | 0 | 4 | |a 630 BOU 1967 |2 21 |
| 100 | 0 | |a Bourgeois, Anne Marie |9 389002 | |
| 245 | 1 | 2 | |a L'exploitation agricole dans la législation récente |
| 260 | 0 | 3 | |a París, Francia |b Libraire Générale de Droit et de Jurisprudence |c 1967 |
| 300 | |a 277 páginas | ||
| 490 | 0 | |a Bibliothéque de Droit Privé. |v 81 | |
| 583 | |a last modification |c 19970613 00:00:00 |k Rodrigo Vera | ||
| 650 | 7 | |a EXPLOTACION AGRICOLA MIXTA |2 CL-VaPUC |9 389003 | |
| 650 | 7 | |a SISTEMAS DE EXPLOTACION AGRICOLA |2 CL-VaPUC |9 389004 | |
| 650 | 0 | |a Agricultura |9 255598 | |
| 650 | 7 | |a LEGISLACION |2 CL-VaPUC |9 389005 | |
| 651 | 0 | |a Francia |9 255157 | |
| 942 | |c BK |2 ddc | ||
| 945 | |d 19970613 00:00:00 |a lriquelm | ||
| 952 | |0 0 |1 0 |2 ddc |4 0 |6 630_000000000000000_BOU_1967 |7 0 |8 P |9 287516 |a BIBDER |b BIBDER |d 2019-11-19 |i 1865978 |o 630 BOU 1967 |p 1865978 |r 2023-01-25 |t 1 |w 2019-11-19 |y BK |k DER | ||